Gigi sihat senyum berseri

Bibliographic Details
Main Author: Rahimah Abdul Kadir
Other Authors: Judul
Format: Book
Published: Kuala Lumpur : Utusan Publications & Distributors , 1997
Series:Sihat cerdas
Subjects:

MARC

LEADER 00000cam a2200000 7i4500
001 0000006414
005 20151222.0
008 070816
020 |a 9676107344 
090 0 0 |a JF   |b HEA MAL (4981) 
100 0 |a Rahimah Abdul Kadir 
245 1 0 |a Gigi sihat senyum berseri   |c Rahimah Abdul Kadir 
260 |a Kuala Lumpur :   |b Utusan Publications & Distributors ,   |c 1997 
440 |a Sihat cerdas 
500 |a Children ages 7-9 years old (orange) 
650 0 |a Food   |x Juvenile literature 
650 0 |a Snack food   |x Juvenile literature 
700 1 |a Judul 
999 |a 0000796021   |b Book   |c Children Collection   |e Cawangan Segamat 
999 |a 0000799299   |b Book   |c Children Collection   |e Cawangan Pontian 
999 |a 0000912210   |b Book   |c Children Collection   |e Cawangan Bandar Tenggara 
999 |a 0000984823   |b Book   |c Children Collection   |e Perbadanan Perpustakaan Awam Johor 
999 |a 0000984824   |b Book   |c Children Collection   |e Perbadanan Perpustakaan Awam Johor 
999 |a 0000984825   |b Book   |c Children Collection   |e Perbadanan Perpustakaan Awam Johor 
999 |a 0000990005   |b Book   |c Children Collection   |e Cawangan Pontian